|
|
|
|
| LEADER |
00942cam a2200229 7i4500 |
| 001 |
0000027146 |
| 005 |
20200615090000.0 |
| 008 |
090713 eng |
| 020 |
|
|
|a 9781901362749
|
| 020 |
|
|
|a 1901362744 (hbk.)
|
| 090 |
0 |
0 |
|a KJE6577
|b .V67 1999
|
| 100 |
1 |
|
|a Vos, Ellen
|
| 245 |
0 |
0 |
|a Institutional frameworks of community health and safety legislation :
|b committees, agencies and private bodies
|c Ellen Vos.
|
| 260 |
|
|
|a Portland, Or.:
|b Hart Pub.,
|c 1999.
|
| 300 |
|
|
|a xlvi, 360 p.:
|b ill.;
|c 24 cm.
|
| 504 |
|
|
|a Includes bibliographical references and index
|
| 650 |
0 |
0 |
|a Product safety --
|x Law and legislation --
|z European Union countries
|
| 650 |
0 |
0 |
|a Consumer protection --
|x Law and legislation --
|z European Union countries
|
| 997 |
|
|
|a Health Sciences, Faculty
|
| 998 |
|
|
|a Occupational Safety & Health, Degree
|
| 998 |
|
|
|a Physiotherapy, Diploma
|
| 999 |
|
|
|a 0000036805
|b BOK
|c OPEN SHELF
|e 1st Floor, Shah Alam
|